000 00338nam a22001097a 4500
020 _a978-93-27197-45-7
082 _a530
_bSAJ/N
100 _aSAJEEVKUMAR
245 _aNCERT EXEMPLAR PROBLEMS- SOLUTIONS PHYSICS- XII
246 _aNCERT EXEMPLAR PROBLEMS- SOLUTIONS PHYSICS- XII
_bNCERT EXEMPLAR PROBLEMS- SOLUTIONS PHYSICS- XII
942 _cBK
999 _c8537
_d8537